Az ortodoxia története Magyarországon a 18. századig

Bibliographic Details
Other Authors: Tóth, Imrich (upr)
Format: Book
Language:Hungarian
Published: Szeged [József Attila Tudományegyetem] 1995
Subjects:

MARC

LEADER 00000nam a2200000 a 4500
001 vtls001221934
003 SK-MaSNL
005 20260301003138.0
008 251124s1995 HU 0 hun
035 |a SNK000167282 
040 |a SNK  |b slo  |c SNK  |e AACR2 
044 |a HU 
080 |a 281.9(439)".../17"(082)  |2 1981 
245 1 3 |a Az ortodoxia története Magyarországon a 18. századig  |c [szerkesztő Tóth Imre] 
260 |a Szeged  |b [József Attila Tudományegyetem]  |c 1995 
300 |a 120 s.  |c 24 cm 
650 0 7 |a cirkvi ortodoxné  |z Maďarsko  |y do stor. 18.  |x zborníky  |2 SNK  |9 284007 
650 0 7 |a rýty liturgické ortodoxné  |x dejiny  |x zborníky  |2 SNK  |9 284008 
700 1 |a Tóth, Imrich  |4 upr  |9 6743 
999 |c 538821  |d 540751 
952 |t P60, <04>, [BOOK], {604}  |a SNK  |b SNK  |y VYP  |7 0  |p 17A0011947  |o snkIC 126033  |i snkV 1697/96  |0 0  |1 0  |4 0  |d 1996-10-02  |l 0  |r 2005-01-01 00:00:00  |w 2026-02-23 
952 |t P60, <04>, [BOOK], {604}  |a SNK  |b SNK  |y VYP  |7 0  |p 17A0100882  |o snkIC 126033 D1  |i snkV 2467/97  |0 0  |1 1  |4 0  |d 1997-10-21  |l 0  |r 2005-01-01 00:00:00  |w 2026-02-23